| 000 | 00492nam a2200157Ia 4500 | ||
|---|---|---|---|
| 999 |
_c10302 _d10302 |
||
| 082 | _a364.15220954 ACC- SL1 | ||
| 100 | _ar | ||
| 245 | 0 | _aAccidental deaths and suicides in India 2000 | |
| 260 |
_aDelhi _bthe author _c2003 |
||
| 300 | _aix, 176 | ||
| 650 |
_aSucides _vIndia _vStatistics _z2000 |
||
| 650 |
_aAccidents _vIndia _vStatistics _z2000 |
||
| 650 |
_aMortality _vIndia _zStatistics _z2000 |
||
| 710 | _aIndia. Ministry of Home Affairs, National Crime Records Bureau | ||
| 942 |
_cBK _2ddc |
||